Análisis de comportamiento y competitividad de la producción y comercio de café en Brasil / (Record no. 217644)
[ view plain ]
| 000 -CABECERA | |
|---|---|
| campo de control de longitud fija | 02446nam a2200289 a 4500 |
| 003 - IDENTIFICADOR DEL NÚMERO DE CONTROL | |
| campo de control | OSt |
| 005 - FECHA Y HORA DE LA ÚLTIMA TRANSACCIÓN | |
| campo de control | 20251111110654.0 |
| 007 - CAMPO FIJO DE DESCRIPCIÓN FÍSICA--INFORMACIÓN GENERAL | |
| campo de control de longitud fija | cr ||||||a|c|a |
| 008 - DATOS DE LONGITUD FIJA--INFORMACIÓN GENERAL | |
| campo de control de longitud fija | 220905s2018 mx a|||fom||| 001 0 spa d |
| 040 ## - FUENTE DE LA CATALOGACIÓN | |
| Centro/agencia transcriptor | CHAP |
| 100 1# - ENTRADA PRINCIPAL--NOMBRE DE PERSONA | |
| 9 (RLIN) | 186806 |
| Nombre de persona | Velazquez Palacios, Pedro Alberto |
| 245 10 - MENCIÓN DE TÍTULO | |
| Título | Análisis de comportamiento y competitividad de la producción y comercio de café en Brasil / |
| Mención de responsabilidad, etc. | por Pedro Alberto Velazquez Palacios; director de tesis Ignacio Caamal Cauich. |
| 264 #1 - PRODUCCIÓN, PUBLICACIÓN, DISTRIBUCIÓN, FABRICACIÓN Y COPYRIGHT | |
| Producción, publicación, distribución, fabricación y copyright | Chapingo, México : |
| Nombre del de productor, editor, distribuidor, fabricante | El autor, |
| Fecha de producción, publicación, distribución, fabricación o copyright | 2018. |
| 300 ## - DESCRIPCIÓN FÍSICA | |
| Extensión | 1 Recurso en línea : (70 páginas). |
| Otras características físicas | gráficas, tablas. |
| 336 ## - TIPO DE CONTENIDO | |
| Fuente | rdacontent |
| Término de tipo de contenido | texto |
| Código de tipo de contenido | txt |
| 337 ## - TIPO DE MEDIO | |
| Fuente | txt |
| Nombre/término del tipo de medio | computadora |
| Código del tipo de medio | c |
| 338 ## - TIPO DE SOPORTE | |
| Fuente | rdacarrier |
| Nombre/término del tipo de soporte | recurso en línea |
| Código del tipo de soporte | cr |
| 502 ## - NOTA DE TESIS | |
| Tipo de título | Licenciatura en Economía |
| Nombre de la institución que otorga el título | División de Ciencias Económico Administrativas, |
| Año de obtención del título | 2018. |
| Información miscelánea | Licenciatura |
| 504 ## - NOTA DE BIBLIOGRAFÍA, ETC. | |
| Nota de bibliografía, etc. | Incluye referencias bibliográficas : 46-48. |
| 520 ## - SUMARIO, ETC. | |
| Sumario, etc. | Brasil es el principal exportador de café en el mundo abarcando aproximadamente el 25% de las exportaciones mundiales. Estados Unidos de América es el principal importador. La producción y comercio de café en Brasil durante el periodo 1990 a 2016 presenta algunos altibajos, pero con una tendencia general creciente. El objetivo de este estudio es analizar el comportamiento de las variables de producción, del comercio exterior y de la competitividad; para así conocer a través del tiempo, cómo va su participación en el mercado internacional de productos agropecuarios. Para esto se utilizó información de bases de datos de organismos internacionales, y cálculo de los indicadores de competitividad para el periodo en cuestión; tales como la balanza comercial relativa, el índice de trazabilidad, coeficiente de dependencia comercial y coeficiente de exportación. Los resultados obtenidos de comportamiento positivo de las variables e indicadores de competitividad, permiten observar que a medida que transcurre el tiempo, Brasil ha tenido una tendencia sólidamente creciente tanto en la producción nacional como en el sector internacional. Se concluye que la exportación de café de Brasil es competitiva y con tendencia creciente. |
| 650 #4 - PUNTO DE ACCESO ADICIONAL DE MATERIA--TÉRMINO DE MATERIA | |
| 9 (RLIN) | 17171 |
| Término de materia o nombre geográfico como elemento de entrada | Café |
| Subdivisión general | Mercadeo |
| -- | Brasil |
| 650 #4 - PUNTO DE ACCESO ADICIONAL DE MATERIA--TÉRMINO DE MATERIA | |
| 9 (RLIN) | 17093 |
| Término de materia o nombre geográfico como elemento de entrada | Café |
| Subdivisión general | Aspectos económicos |
| -- | Brasil |
| 650 #4 - PUNTO DE ACCESO ADICIONAL DE MATERIA--TÉRMINO DE MATERIA | |
| 9 (RLIN) | 186807 |
| Término de materia o nombre geográfico como elemento de entrada | Café |
| Subdivisión general | Producción |
| Subdivisión geográfica | Brasil |
| 700 1# - PUNTO DE ACCESO ADICIONAL--NOMBRE DE PERSONA | |
| Nombre de persona | Caamal Cauich, Ignacio |
| Término indicativo de función/relación | director. |
| 9 (RLIN) | 16527 |
| 856 ## - LOCALIZACIÓN Y ACCESO ELECTRÓNICOS | |
| Nota pública | DESCARGAR PDF |
| Identificador Uniforme del Recurso | http://10.13.5.2/tesis/tl/Velazquez_Palacios_Pedro_Alberto.pdf |
| 942 ## - ELEMENTOS DE PUNTO DE ACCESO ADICIONAL (KOHA) | |
| Fuente del sistema de clasificación o colocación | Clasificación Universidad Autónoma Chapingo |
| Tipo de ítem Koha | Tesis digital |
| Estado de retiro | Estado de pérdida | Fuente del sistema de clasificación o colocación | Estado dañado | Restricciones de uso | No para préstamo | Código de colección | Localización permanente | Ubicación/localización actual | Ubicación en estantería | Fecha de adquisición | Total de préstamos | Signatura topográfica completa | Fecha visto por última vez | Precio válido a partir de | Tipo de ítem Koha |
|---|---|---|---|---|---|---|---|---|---|---|---|---|---|---|---|
| Clasificación Universidad Autónoma de Chapingo | Préstamo interno | Tesis digitales de Licenciatura | Biblioteca Digital | Biblioteca Digital | En línea | 26/04/2023 | Tesis digital | 26/04/2023 | 26/04/2023 | Tesis digital |
